| 000 | 01012nam a22003015a 4500 | ||
|---|---|---|---|
| 003 | EG-ScBUE | ||
| 005 | 20211130114120.0 | ||
| 008 | 130204s2018 ua f 000 f ara d | ||
| 017 | _a2013 / 4102 | ||
| 020 | _a9789770932278 | ||
| 040 |
_aEG-ScBUE _bara _erda _cEG-ScBUE _dEG-ScBUE |
||
| 082 | 0 | 4 |
_a892.737 _bم ر ا _222 |
| 100 | 1 |
_aمراد، أحمد، _d1978- _eمؤلف. _932395 |
|
| 245 | 1 | 2 |
_aالفيل الأزرق / _cأحمد مراد. |
| 246 | 3 | 4 |
_aفيل الأزرق : _bرواية |
| 250 | _aالطبعة الخامسة عشرة. | ||
| 264 | 1 |
_aالقاهرة : _bدار الشروق، _c2018. |
|
| 300 |
_a442 صفحة ؛ _c20 سم |
||
| 336 |
_2rdacontent _aنص _btxt |
||
| 337 |
_2rdamedia _aبدون وسيط _bn |
||
| 338 |
_2rdacarrier _aمجلد _bnc |
||
| 541 |
_aأ. أحمد مراد ؛ _cإهداء ؛ |
||
| 650 | 7 |
_aالقصص العربية _zمصر _yقرن 21. _2BUEsh |
|
| 651 | _2BUEsh | ||
| 653 |
_bARALIT _cMarch2018 |
||
| 655 |
_vReading book _934232 |
||
| 942 | _2ddc | ||
| 999 |
_c26286 _d26258 |
||